[Event "Jaipur op 2nd"]
[Site "Jaipur"]
[Date "2025.04.25"]
[Round "6"]
[White "Rishan, Debnath"]
[Black "Aarav, Gupta"]
[Result "1-0"]
[WhiteElo "1891"]
[BlackElo "1757"]
[PlyCount "79"]
[EventDate "2025.04.23"]
[EventType "swiss"]
[EventRounds "9"]
[EventCountry "IND"]
[SourceTitle "CB18_2025"]
[SourceDate "2025.04.30"]
[SourceVersion "1"]
[SourceVersionDate "2025.04.30"]
[SourceQuality "1"]

1. d4 Nf6 2. Bg5 d5 3. Nf3 e6 4. e3 c5 5. c3 Nc6 6. Nbd2 h6 7. Bh4 cxd4 8. exd4 Be7 9. Bd3 0-0 10. 0-0 Nh7 11. Bxe7 Qxe7 12. Re1 b6 13. Ne5 Nxe5 14. Rxe5 Ng5 15. f4 f6 16. Re3 Nf7 17. Qh5 Nd6 18. Qxd5 exd5 19. Rxe7 Bf5 20. Bxf5 Nxf5 21. Re2 Rfe8 22. Rae1 Kf7 23. Kf2 Rxe2+ 24. Rxe2 Nd6 25. Ke3 Nc4+ 26. Nxc4 dxc4 27. b3 cxb3 28. axb3 Ke6 29. Ke4 b5 30. d5+ Kd6 31. Kd4 a5 32. c4 bxc4 33. bxc4 a4 34. c5+ Kd7 35. c6+ Kd8 36. d6 a3 37. Re7 Ra4+ 38. Kd3 a2 39. c7+ Kc8 40. Re8+ 1-0